Koncepcia rozvoja cestovného ruchu v meste Bardejov bakalárska práca

Gespeichert in:
Bibliographische Detailangaben
1. Verfasser: Krivjančinová, Štefánia
Körperschaft: Obchodná fakulta EU. Katedra služieb a cestovného ruchu - zrušené
Weitere Verfasser: Dendiš, Ľubomír
Format: Buch
Sprache:Slowakisch
Veröffentlicht: Bratislava 2009
Tags: Tag hinzufügen
Keine Tags, Fügen Sie das erste Tag hinzu!

MARC

LEADER 00000nam$a2200000$$$4500
001 0102715
005 20240318140150.2
041 0 |a slo 
044 |a SK 
245 1 0 |a Koncepcia rozvoja cestovného ruchu v meste Bardejov  |b bakalárska práca  |c Štefánia Krivjančinová ; škol. Ľubomír Dendiš 
264 1 |a Bratislava  |c 2009 
300 |a 43 s. 
100 1 |a Krivjančinová, Štefánia 
700 1 |a Dendiš, Ľubomír 
710 2 |a Obchodná fakulta EU. Katedra služieb a cestovného ruchu - zrušené